Food For Health: (Record no. 180665)

MARC details
000 -LEADER
fixed length control field 00668nam a22002057a 4500
005 - DATE AND TIME OF LATEST TRANSACTION
control field 20210813121829.0
010 ## - LCCN (DPL NO)
LC control number ENG-129850
020 ## - INTERNATIONAL STANDARD BOOK NUMBER
Terms of availability 450.00
035 ## - SYSTEM CONTROL NUMBER
System control number EN-113382
037 ## - SOURCE OF ACQUISITION
Source of stock number/acquisition DBAD/PUB
082 ## - DEWEY DECIMAL CLASSIFICATION NUMBER
Classification number 641.3
100 ## - MAIN ENTRY--PERSONAL NAME
Personal name Kulkarni, P.H
245 ## - TITLE STATEMENT
Title Food For Health:
Statement of responsibility, etc P.H. Kulkarni, Farida Sheriar Irani
250 ## - EDITION STATEMENT
Edition statement 2019
260 ## - PUBLICATION, DISTRIBUTION, ETC. (IMPRINT)
Name of publisher, distributor, etc Deerghayu International
Date of publication, distribution, etc 2019
Place of publication, distribution, etc Pune
270 ## - ADDRESS
Address 36, Kothrud Gaonthan, Opp. Mhatoba Temple, Bodhi Vruksha, Navagraha Maruti
City Pune
Postal code 411038
Telephone number 91-020-25382130
Electronic mail address deerghayuinternational@gmail.com
300 ## - PHYSICAL DESCRIPTION
Extent 286p.
Dimensions 22cm (pbk)
700 ## - ADDED ENTRY--PERSONAL NAME
Personal name Irani, Farida Sheriar
942 ## - ADDED ENTRY ELEMENTS (KOHA)
Source of classification or shelving scheme Dewey Decimal Classification
Item type English Books
Classification part 641.3
Call number prefix KUL
Holdings
Withdrawn status Lost status Not for loan Collection code Home library Current library Date acquired Source of acquisition Cost, normal purchase price Full call number Barcode Copy number Cost, replacement price Koha item type
      Non-fiction Shahdara Branch Shahdara Branch 13/08/2021 DBAD/PUB 450.00 641.3 EN-113382 1 450.00 English Books

© Delhi Public Library
Hit Counter
free hit counter